| 000 | 01150nas a2200265 i 4500 | ||
|---|---|---|---|
| 001 | 875 | ||
| 003 | ES-MaACL | ||
| 005 | 20250814084546.0 | ||
| 008 | 950801d19541990xxkm| | 1 ||ng d | ||
| 080 | _a410 | ||
| 245 | 0 | 0 |
_aFilms and filming / _ced. Peter G. Baker. |
| 260 |
_aLondon : _bHansom Books, _c1954-1990 ( _eSouthend-on-Sea : _fLyndan) |
||
| 300 |
_a5 v. : _bgrab. ; _c28 cm. |
||
| 310 | _aMensual | ||
| 362 | 0 | _aV. I (oct. 1954)-nº. 425 (Mar. 1990) | |
| 500 | _aFecha de inicio de la publicación tomada de : Ulrich's international periodicals directory. 14th ed. 1971-72. | ||
| 515 | _aSuspendida la publicacion entre julio 1980-Sept. 1981. Nº. 310-324 nunca fueron publicados. | ||
| 650 | 1 | 7 |
_aCine _2embne _911010 |
| 655 | 7 |
_2tgfbne _9226866 _aRevistas |
|
| 700 | 1 |
_aBaker, Peter G. _924779 |
|
| 852 |
_aES-MaACL _jHEM-H-279 _dOlim : HEM-1479 _cHEM _9898 _zExpurgada marzo 2025: posterior 1958; sin encuadernar; muy incompleta; completa colección de BNE; 12 localizaciones en Rebiun |
||
| 866 | 0 | _o1965(1966f.n.4-6y12)(1967),(1975)1976(1977f.oct.-dic.)(1978)1979(1980). | |
| 942 | _2udc | ||
| 999 |
_c875 _d875 |
||